|
|
|
|
| LEADER |
00667cam a2200193 7i4500 |
| 001 |
0000007728 |
| 005 |
20210209090000.0 |
| 020 |
|
|
|a 0130673854 (pbk.)
|
| 090 |
0 |
0 |
|a QD31
|b .W47 2002
|
| 100 |
1 |
|
|a Wertz, Dennis W
|
| 245 |
1 |
0 |
|a Chemistry :
|b a molecular science
|c Dennis W. Wertz.
|
| 260 |
|
|
|a Upper Saddle River:
|b Prentice Hall,
|c 2002.
|
| 300 |
|
|
|a xiii, 358 p.:
|b ill.;
|c 28 cm.
|
| 500 |
|
|
|a Includes index
|
| 650 |
0 |
0 |
|a Chemistry
|
| 997 |
|
|
|a Engineering & Life Sciences, Faculty
|b Science & Biotechnology, Department
|
| 998 |
|
|
|a Biotechnology, Degree
|
| 998 |
|
|
|a Biotechnology & Life Sciences, Diploma
|
| 999 |
|
|
|a 0000003731
|b BOK
|c OPEN SHELF
|e 2nd Floor, Bestari Jaya
|